[Event "Mar del Plata 1st Cat RAM"]
[Site "Mar del Plata"]
[Date "2019.11.25"]
[Round "11"]
[White "Olmos, Cesar"]
[Black "Fidel, Roberto Oscar"]
[Result "0-1"]
[WhiteElo "1751"]
[BlackElo "2086"]
[PlyCount "86"]
[EventDate "2019.11.05"]
[EventType "tourn"]
[EventRounds "13"]
[EventCountry "ARG"]
[SourceTitle "EXT 2021"]
[Source "ChessBase"]
[SourceDate "2020.10.23"]
[SourceVersion "1"]
[SourceVersionDate "2020.10.23"]
[SourceQuality "1"]

1. d4 Nf6 2. c4 c5 3. d5 b5 4. Qc2 g6 5. Nf3 Bg7 6. e4 d6 7. cxb5 0-0 8. Na3 a6 9. b6 Qxb6 10. Nc4 Qc7 11. Bf4 Nfd7 12. Rb1 a5 13. b3 Nb6 14. Bd3 Bd7 15. 0-0 Nxc4 16. bxc4 Na6 17. a3 Rfb8 18. Rfe1 Rxb1 19. Rxb1 Rb8 20. h3 a4 21. Bd2 Rb6 22. Rxb6 Qxb6 23. Bc1 Nc7 24. Nd2 Na8 25. Nb1 Qb3 26. Bd2 Nb6 27. Ba5 Qxc2 28. Bxc2 Nxc4 29. Bd8 Kf8 30. Bd3 Bb5 31. Bxc4 Bxc4 32. Nd2 Bd3 33. Ba5 Bb2 34. f3 Bxa3 35. Kf2 Bb2 36. Ke3 Bb5 37. Nb1 a3 38. Nc3 Bc4 39. Kd2 a2 40. Nxa2 Bxa2 41. Kc2 Bd4 42. Bd2 Bc4 43. Be1 Bf1 0-1

[Event "Mar del Plata 1st Cat RAM"]
[Site "Mar del Plata"]
[Date "2019.11.08"]
[Round "3"]
[White "Farace, Daniel Guillermo"]
[Black "Olmos, Cesar"]
[Result "1/2-1/2"]
[WhiteElo "1813"]
[BlackElo "1751"]
[PlyCount "60"]
[EventDate "2019.11.05"]
[EventType "tourn"]
[EventRounds "13"]
[EventCountry "ARG"]
[SourceTitle "EXT 2021"]
[Source "ChessBase"]
[SourceDate "2020.10.23"]
[SourceVersion "1"]
[SourceVersionDate "2020.10.23"]
[SourceQuality "1"]

1. d4 d5 2. Nc3 Nf6 3. Bg5 Nbd7 4. e3 g6 5. Nf3 Bg7 6. Be2 0-0 7. 0-0 c6 8. Ne5 h6 9. Bh4 Nxe5 10. dxe5 Ne4 11. Nxe4 dxe4 12. Qd4 Qd5 13. Bxe7 Re8 14. Qxd5 cxd5 15. Bf6 Bxf6 16. exf6 Be6 17. Bb5 Rec8 18. Ba4 a5 19. c3 Rc5 20. a3 b5 21. Bb3 Rb8 22. Rfd1 b4 23. axb4 axb4 24. cxb4 Rxb4 25. Ra3 Kh7 26. h4 Rcb5 27. Ba4 Rc5 28. Bb3 Rcb5 29. Ba4 Rc5 30. Bb3 Rcb5 1/2-1/2